| 000 | 00538nam a2200193Ia 4500 | ||
|---|---|---|---|
| 003 | OSt | ||
| 005 | 20250213153554.0 | ||
| 008 | 210210b1981 xxu||||| |||| 00| 0 eng d | ||
| 040 | _cAL | ||
| 041 | _aKannada | ||
| 082 | _aK894.3 RAMP | ||
| 100 |
_aRAMARAV (T K). _dರಾಮರಾವ್ (ಟಿ ಕೆ). _9199487 |
||
| 245 |
_aPashchimada betta. _b ಪಶ್ಚಿಮದ ಬೆಟ್ಟ |
||
| 260 |
_aBengaluru _bDarshana Prakashana _c1981 |
||
| 300 | _a337 | ||
| 690 |
_aKannada Fiction _9199488 |
||
| 906 | _a035456 | ||
| 942 |
_2ddc _cBK |
||
| 999 |
_c86116 _d86116 |
||